Foto delle capitali europee – Morte improvvisa - Statistics

Statistiche generali
  • Questo quiz è stato fatto 76 volte
  • Il punteggio medio è 11 su 20
Answers on the Grid
Answers color-coded by a green-red scale on the quiz's grid according to % correct below.
 
Statistiche sulle risposte
Risposta % Corretto
Rome
95%
Paris
90%
Berlin
88%
Amsterdam
71%
Vienne
61%
Prague
59%
Madrid
58%
Tallinn
56%
Copenhague
56%
Bruxelles
51%
Bratislava
51%
Stockholm
49%
Riga
47%
Bern
46%
Lisbonne
42%
Vaduz
41%
Helsinki
39%
Monaco
36%
Dublin
20%
Oslo
12%
Nessun quiz corrispondente trovato
Distribuzione punteggi
Percentuale di utenti per punteggio
Percentile per numero di risposta
I tuoi punteggi nel tempo
Non hai fatto questo quiz